|
|
|
|
| LEADER |
01197nam a2200229 a 4500 |
| 008 |
090824r2005 enka 000 0 eng d |
| 020 |
|
|
|a 0521678633 (Book plus Adio CD)
|
| 040 |
|
|
|a BDS
|b eng
|c BDS
|d Uk
|d SFED:PU
|d NWU
|
| 082 |
0 |
4 |
|a 428.24076
|2 21
|
| 245 |
0 |
0 |
|a Cambridge IELTS 4 :
|b examination papers from the University of Cambridge ESOL Examinations.
|
| 250 |
|
|
|a With answers.
|
| 260 |
|
|
|a Cambridge :
|b Cambridge University Press,
|c 2005.[reprinted]
|
| 300 |
|
|
|a 176 p. :
|b ill. ;
|c 25 cm +
|e 2 audio CDs
|
| 541 |
1 |
|
|e 00015137
|
| 650 |
|
0 |
|a English language
|x Study and teaching
|x Problems, exercises, etc.
|
| 650 |
|
0 |
|a International English Language Testing System
|
| 710 |
2 |
|
|a University of Cambridge.
|b Local Examinations Syndicate
|
| 852 |
4 |
|
|a Ayesha Abed Library
|j General Shelf.
|
| 942 |
0 |
0 |
|0 1
|
| 999 |
|
|
|c 3517
|d 3517
|
| 952 |
|
|
|0 0
|1 0
|2 ddc
|4 0
|6 428_240760000000000_CAM_2005
|7 0
|9 3193
|a BRACUL
|b BRACUL
|c GEN
|d 2009-09-02
|g 670.00
|l 29
|m 219
|o 428.24076 CAM
|p 3010015137
|r 2025-10-09
|s 2025-07-03
|t 1
|v 1340.00
|w 2009-09-02
|y BK
|
| 952 |
|
|
|0 0
|1 0
|2 ddc
|4 0
|6 428_240760000000000_CAM
|7 0
|9 55706
|a SCL
|b BRACUL
|c GEN
|d 2015-09-03
|g 400.00
|l 2
|m 13
|o 428.24076 CAM
|p 3020006599
|r 2025-12-23
|s 2025-10-12
|t 2
|w 2015-09-03
|y BK
|